Games In TV Shows Quiz Stats

 Plays Quiz Updated Jun 16, 2015

Challenge
Share
Tweet
Score 0/24 Timer 10:00
2 Plays Today
% Correct
The Simpsons
98.6%
Scrabble
97.5%
Twister
97.5%
Friends
96.8%
Chess
96.5%
Checkers
96.1%
Family Guy
95.6%
Seinfeld
92.9%
South Park
92.9%
The Big Bang Theory
91.8%
Trivial Pursuit
87.1%
Lost
86.7%
% Correct
Pictionary
86%
Frasier
85%
Backgammon
83.5%
Monopoly
82.2%
Sorry!
72.9%
The Sopranos
70.1%
The Game Of Life
65.1%
Parks And Recreation
64.6%
Zombicide
57.6%
The Carol Burnett Show
47.5%
The Settlers Of Catan
32.5%
Buffy The Vampire Slayer
25.1%

You're not logged in!

Compare scores with friends on all Sporcle quizzes.
OR
Log In

You Might Also Like...

Show Comments

Extras

Top Quizzes Today


Score Distribution

Your Account Isn't Verified!

In order to create a playlist on Sporcle, you need to verify the email address you used during registration. Go to your Sporcle Settings to finish the process.

Report this User

Report this user for behavior that violates our Community Guidelines.

Details: